| 000 | 00738nam a2200289Ia 4500 | ||
|---|---|---|---|
| 005 | 20260324122113.0 | ||
| 008 | 008 260324s9999 xx 000 0 eng d | ||
| 020 | _a9780429251849 | ||
| 037 | _aEBOOK | ||
| 040 | _aCRL | ||
| 040 | _beng | ||
| 040 | _cCRL | ||
| 041 | _2eng | ||
| 041 | _aeng | ||
| 084 | _qCRL | ||
| 100 |
_aRandall I. Atlas _91165123 |
||
| 245 | 0 | _a21st Century Security and CPTED | |
| 245 | 0 | _bDesigning for Critical Infrastructure Protection and Crime Prevention, Second Edition | |
| 260 | _bTaylor and Francis | ||
| 260 | _c2013 | ||
| 365 | _a | ||
| 365 | _b230 | ||
| 856 | _uhttp://www.taylorfrancis.com/books/9780429251849 | ||
| 942 | _cEBOOK | ||
| 999 |
_c1757627 _d1757627 |
||